Części ciała po francusku - Statystyki

Ogólne statystyki
  • Ten quiz został rozwiązany 193 razy
  • Średni wynik to 9 z 23
Statystyki odpowiedzi
po polsku po francusku % Poprawnych
noga la jambe
87%
nos le nez
69%
stopa le pied
69%
głowa la tete
68%
szyja le cou
60%
usta la bouche
57%
plecy le dos
56%
czoło le front
52%
kolano le genou
47%
ucho l' oreille
47%
łokieć le coude
39%
gardło la gorge
37%
klatka piersiowa la poitrine
32%
oczy l' oeil
30%
ramię l' epaule
27%
palec u nogi l' orteil
27%
pięta le talon
23%
ręka le doigt
21%
kostka le cheville
20%
biodro la hanche
19%
brzuch l' estomac
18%
pupa les fesses
16%
pięść le poignet
14%
Nie znaleziono quizów pasujących do podanych kryteriów
Rozkład punktacji
Procent ludzi z każdym wynikiem
Percentyl według liczby udzielonych odpowiedzi
Twoja historia wyników
Nie rozwiązałeś tego quizu